<?xml version="1.0" encoding="UTF-8"?><?xml-stylesheet type="text/xsl" href="static/style.xsl"?><OAI-PMH xmlns="http://www.openarchives.org/OAI/2.0/" xmlns:xsi="http://www.w3.org/2001/XMLSchema-instance" xsi:schemaLocation="http://www.openarchives.org/OAI/2.0/ http://www.openarchives.org/OAI/2.0/OAI-PMH.xsd"><responseDate>2026-04-17T06:05:58Z</responseDate><request verb="GetRecord" identifier="oai:www.recercat.cat:2072/424428" metadataPrefix="marc">https://recercat.cat/oai/request</request><GetRecord><record><header><identifier>oai:recercat.cat:2072/424428</identifier><datestamp>2025-09-08T18:44:21Z</datestamp><setSpec>com_2072_98</setSpec><setSpec>col_2072_378197</setSpec></header><metadata><record xmlns="http://www.loc.gov/MARC21/slim" xmlns:dcterms="http://purl.org/dc/terms/" xmlns:xsi="http://www.w3.org/2001/XMLSchema-instance" xmlns:doc="http://www.lyncode.com/xoai" xsi:schemaLocation="http://www.loc.gov/MARC21/slim http://www.loc.gov/standards/marcxml/schema/MARC21slim.xsd">
   <leader>00925njm 22002777a 4500</leader>
   <datafield ind2=" " ind1=" " tag="042">
      <subfield code="a">dc</subfield>
   </datafield>
   <datafield ind2=" " ind1=" " tag="720">
      <subfield code="a">Rivenburgh, Nancy K.</subfield>
      <subfield code="e">author</subfield>
   </datafield>
   <datafield ind2=" " ind1=" " tag="260">
      <subfield code="c">2010</subfield>
   </datafield>
   <datafield ind2=" " ind1=" " tag="520">
      <subfield code="a">Las ciudades y las naciones compiten con fuerza para tener la oportunidad de organizar unos Juegos Olímpicos y mejorar así su imagen en un escenario mundial. Si bien las recompensas pueden ser muchas, también lo son los riesgos. Las sedes olímpicas pueden planificar muchos aspectos de los Juegos, pero no pueden controlar del todo el modo en que los medios de comunicación las presentarán al mundo. Esta lección olímpica señala los factores clave que influyen en el modo en que los medios globales "interpretan" una imagen de la sede olímpica para sus audiencias locales.</subfield>
   </datafield>
   <datafield ind2=" " ind1=" " tag="520">
      <subfield code="a">En un esforç per ampliar la seva imatge a nivell internacional, ciutats i nacions competeixen vigorosament per poder acollir uns Jocs Olímpics. Tot i que les recompenses són moltes, també ho són els riscos. Les seus olímpiques poden planificar molts aspectes dels Jocs, però no poden controlar com els mitjans de comunicació internacionals els presenten al món. Aquesta lliçó subratlla els factors clau que tenen influència en la manera com els mitjans globals "interpreten" la imatge de la seu olímpica per audiències locals.</subfield>
   </datafield>
   <datafield ind2=" " ind1=" " tag="520">
      <subfield code="a">Cities and nations compete vigorously for the opportunity to host an Olympic Games in an effort to enhance their image on a global stage. While the rewards may be great, so are the risks. Olympic hosts can plan for many aspects of the Games, but ultimately they cannot control how they are presented to the world by international media. This lecture outlines the key factors that influence how global media 'construct' an image of the Olympic host for home audiences.</subfield>
   </datafield>
   <datafield tag="653" ind2=" " ind1=" ">
      <subfield code="a">Jocs Olímpics</subfield>
   </datafield>
   <datafield tag="653" ind2=" " ind1=" ">
      <subfield code="a">Juegos Olímpicos</subfield>
   </datafield>
   <datafield tag="653" ind2=" " ind1=" ">
      <subfield code="a">Olympic Games</subfield>
   </datafield>
   <datafield tag="653" ind2=" " ind1=" ">
      <subfield code="a">Mitjans de comunicació</subfield>
   </datafield>
   <datafield tag="653" ind2=" " ind1=" ">
      <subfield code="a">Medios de comunicación</subfield>
   </datafield>
   <datafield tag="653" ind2=" " ind1=" ">
      <subfield code="a">Mass media</subfield>
   </datafield>
   <datafield tag="653" ind2=" " ind1=" ">
      <subfield code="a">Marca ciutat</subfield>
   </datafield>
   <datafield tag="653" ind2=" " ind1=" ">
      <subfield code="a">Marca ciudad</subfield>
   </datafield>
   <datafield tag="653" ind2=" " ind1=" ">
      <subfield code="a">City branding</subfield>
   </datafield>
   <datafield ind2="0" ind1="0" tag="245">
      <subfield code="a">Els Jocs Olímpics, els mitjans de comunicació i els reptes d'elaborar una imatge global</subfield>
   </datafield>
</record></metadata></record></GetRecord></OAI-PMH>